Central Library OPAC University of Rajshahi

Environmental science / (Record no. 33909)

MARC details
000 -LEADER
fixed length control field 00935nam a2200313 a 4500
001 - CONTROL NUMBER
control field 33909
003 - CONTROL NUMBER IDENTIFIER
rucl marc code BD-RjUL
005 - DATE AND TIME OF LATEST TRANSACTION
control field 20211209052058.0
008 - FIXED-LENGTH DATA ELEMENTS--GENERAL INFORMATION
fixed length control field 140512s1988 paua b 001 0 eng
020 ## - INTERNATIONAL STANDARD BOOK NUMBER
International Standard Book Number 0030166578
035 ## - SYSTEM CONTROL NUMBER
System control number (BD-RjUL)34001
040 ## - CATALOGING SOURCE
Original cataloging agency DLC
Transcribing agency DLC
Modifying agency BD-RjUL
Language of cataloging eng
041 ## - LANGUAGE CODE
Language code of text/sound track or separate title eng
082 00 - DEWEY DECIMAL CLASSIFICATION NUMBER
Classification number 304.2
Edition number 19
Author mark and year TUE 1988
100 1# - MAIN ENTRY--PERSONAL NAME
Personal name Turk, Jonathan.
9 (RLIN) 23713
245 10 - TITLE STATEMENT
Title Environmental science /
Statement of responsibility, etc. Jonathan Turk, Amos Turk.
250 ## - EDITION STATEMENT
Edition statement 4th ed.
260 ## - PUBLICATION, DISTRIBUTION, ETC. (IMPRINT)
Place of publication, distribution, etc. Philadelphia :
Name of publisher, distributor, etc. Saunders College Pub.,
Date of publication, distribution, etc. c1988.
300 ## - PHYSICAL DESCRIPTION
Pagination xv, 712 p. :
Illustrations ill. ;
Size 26 cm.
490 0# - SERIES STATEMENT
Series statement Saunders golden sunburst series
504 ## - BIBLIOGRAPHY, ETC. NOTE
Bibliography, etc Includes bibliographies and index.
650 #0 - SUBJECT ADDED ENTRY--TOPICAL TERM
Topical term or geographic name as entry element Human ecology.
9 (RLIN) 232361
Topical term or geographic name as entry element Pollution
9 (RLIN) 232362
Topical term or geographic name as entry element Environmental sciences.
9 (RLIN) 232363
700 1# - ADDED ENTRY--PERSONAL NAME
Personal name Turk, Amos.
830 ## - SERIES ADDED ENTRY--UNIFORM TITLE
Uniform title Saunders golden sunburst series
942 ## - ADDED ENTRY ELEMENTS (KOHA)
Source of classification or shelving scheme Dewey Decimal Classification
Koha item type Books
Holdings
Lost status Source of classification or shelving scheme Damaged status Not for loan Collection code Permanent Location Current Location Shelving location Date acquired Source of acquisition Cost, normal purchase price Total Checkouts Full call number Date last seen Copy number Koha item type Date checked out
  Dewey Decimal Classification     Non-fiction Central Library, University of Rajshahi Central Library, University of Rajshahi   08/07/1997 Ahsania Mission 44.00   304.2 TUE 1988 12/05/2014 C-7 Books  
  Dewey Decimal Classification     Non-fiction Central Library, University of Rajshahi Central Library, University of Rajshahi   08/07/1997 Ahsania Mission 44.00   304.2 TUE 1988 12/05/2014 C-8 Books  
  Dewey Decimal Classification     Non-fiction Central Library, University of Rajshahi Central Library, University of Rajshahi   08/07/1997 Ahsania Mission 44.00 1 304.2 TUE 1988 16/03/2022 C-9 Books 03/03/2022
  Dewey Decimal Classification     Non-fiction Central Library, University of Rajshahi Central Library, University of Rajshahi   08/07/1997 Ahsania Mission 44.00   304.2 TUE 1988 12/05/2014 C-3 Books  
  Dewey Decimal Classification     Non-fiction Central Library, University of Rajshahi Central Library, University of Rajshahi   08/07/1997 Ahsania Mission 44.00   304.2 TUE 1988 12/05/2014 C-5 Books  
  Dewey Decimal Classification     Non-fiction Central Library, University of Rajshahi Central Library, University of Rajshahi   08/07/1997 Ahsania Mission 44.00   304.2 TUE 1988 03/12/2015 C-4 Books  
  Dewey Decimal Classification     Non-fiction Central Library, University of Rajshahi Central Library, University of Rajshahi   08/07/1997 Ahsania Mission, Dhaka 44.00   304.2 TUE 1988 08/05/2016 C-6 Books  
  Dewey Decimal Classification     Non-fiction Central Library, University of Rajshahi Central Library, University of Rajshahi   08/07/1997 Ahsania Mission, Dhaka 44.00   304.2 TUE 1988 22/08/2016 C-2 Books  
  Dewey Decimal Classification   Not For Loan Non-fiction Central Library, University of Rajshahi Central Library, University of Rajshahi Reading Room 08/04/2007 Ahsania mission, Dhaka 44.00   304.2 TUE 1988 12/12/2016 C-1 Books  
  Dewey Decimal Classification     Non-fiction Central Library, University of Rajshahi Central Library, University of Rajshahi   08/07/1997 Ahsania Mission book , Dhaka 44.00   304.2 TUE 1988 16/07/2019 C-10 Books